000 00358nam a22001457a 4500
003 NUST - PNEC
005 20170116181104.0
008 151003b xxu||||| |||| 00| 0 eng d
040 _cLIBRARY
082 _a717 HUM
100 _912563
_aSyed, Abdul Haleem
245 _aAlghano wal sanaat
_cSyed, Abdul Haleem
650 _xGeneral books
942 _2ddc
_cBK
999 _c68879
_d68879